| 000 | 00423nam a22001217a 4500 | ||
|---|---|---|---|
| 999 |
_c10146 _d10146 |
||
| 003 | OSt | ||
| 008 | 201218b ||||| |||| 00| 0 eng d | ||
| 245 | _aJournal of Networking Technology | ||
| 250 | _a2014(Mar Vol.5 No.1, Jun Vol.5 No.2, Sep Vol.5 No.3, Dec Vol.5 No.4) 2015(Mar Vol.6 No.1, Sep Vol.6 No.3) | ||
| 260 |
_aChennai _bDigital Information Research Foundation |
||
| 650 | _aInformation Technology | ||
| 942 |
_2ddc _cBV |
||